Statistiques concernant Pays par salaire moyen (les plus faibles)

Cliquez ici pour prendre le quiz!

Statistiques générales

  • Ce quiz a été pris 325 fois
  • Le résultat moyen est 11 sur 30

Statistiques - réponses

Salaire en $Pays% Correct
55.0Mali
68%
30.8Niger
64%
34.2Ethiopie
55%
38.3Guinée
48%
61.7Tchad
45%
70.0Bangladesh
44%
70.8Kenya
43%
35.8Madagascar
42%
47.5Tanzanie
40%
54.2Soudan du Sud
39%
41.7Togo
39%
42.5Mozambique
38%
37.5Erythrée
36%
36.7Ouganda
36%
56.7Zimbabwe
36%
62.5Bénin
34%
55.8Burkina Faso
32%
42.5Gambie
32%
30.8Liberia
31%
26.7Malawi
31%
45.8Guinée-Bissau
30%
63.3Haïti
30%
20.0Burundi
29%
40.8Centrafrique
29%
48.3Sierra Leone
28%
70.0Comores
27%
58.3Népal
21%
73.3Cambodge
18%
71.7Tadjikistan
7%
82.5Kirghizistan
5%

Distribution des résultats

Percentile par nombre de réponses

% des personnes avec chaque résultat

Votre développement - résultats

Vous n’avez pas pris ce quiz